00519nam a2200193 a 4500001001300000003000900013005001700022008004100039020002300080082001600103100001900119245003900138260004400177300000900221500003500230505001000265650003100275700001900306nice12345678IN_TiNIC20260116013712.0050524s1995 lona grp 000 0 eng  a019347X c10000a230.09bURB aUrban, Linwood aShort History of Christian Thought aLondan bOxford University Press c1995 a461p aincludes index and biblioraphy2 aIndex aTheology-Doctrinal-History1 aUrban, Linwood